| 000 | 00698nam a22002057a 4500 | ||
|---|---|---|---|
| 999 |
_c14832 _d14832 |
||
| 003 | AR-CdUCM | ||
| 008 | 190424b ||||| |||| 00| 0 spa d | ||
| 020 | _a978-84-375-0760-6 | ||
| 040 |
_aMUNICIPALIDAD PROVINCIAL DEL CUSCO _cBIBLIOTECA MUNICIPAL DEL CUSCO |
||
| 082 |
_aPI / 376.1 / _bC28 |
||
| 100 |
_aSáez Castan, Javier _933754 |
||
| 245 |
_aEl animalario vertical : _bDel profesor Revillod / |
||
| 260 |
_aMadrid : _bInstituto Revillod, _c2016. |
||
| 300 |
_bIlustraciones, _c23 cm |
||
| 505 | _aContenido: El animalario vertical Del profesor Revillod. | ||
| 650 |
_aLiteratura infantil _9588 |
||
| 700 |
_aMurugarren, Miguel _933755 |
||
| 942 |
_2ddc _cLIBROS |
||
| 945 |
_acmm _d2019-04-24 |
||